000 01299nam0a22002891 4500
001 rc\4023658
005 20130415131946.4
035 _a(NLR Aleph) 007950447
090 _a8335574
_c8335574
100 _a20130415d1952 |||y0rusy50 ca
101 0 _arus
102 _aRU
105 _aa z |||||
200 1 _aМинерало-керамические пластины - новый инструментальный материал для обработки металлов резанием
_fГосплан СССР. Ин-т техн.-экон. информации
210 _aМосква
_cБ. и.
_d1952
215 _a[2], 13 с., 8 л. черт.
_d29
225 1 _aКонсультация
_iОбмен производственным опытом
_v№ 1085. Тема № 34
300 _aСтеклогр.
300 _aПеред загл. авт.: лауреат Сталин. премии канд. техн. наук П.П. Грудов и ст. науч. сотр. М.П. Цыганова
300 _aНа обл. только загл. серии
700 1 _aГрудов
_bП. П.
_gПетр Петрович
701 1 _aЦыганова
_bМ. П.
801 0 _aRU
_bNLR
_gpsbo
801 1 _aRU
_bELAR
_2rusmarc
852 _aNLR
_jТ36 Г-8/666
942 _cBOOK
980 _aNB